Freedom of entry into industry and trade.

Bibliographic Details
Main Author: Munthe, Preben
Corporate Author: European Productivity Agency
Format: Book
Language:English
Published: Paris : European Productivity Agency of the Organization for European Economic Co-operation, [1958]
Subjects:

MARC

Tag First Indicator Second Indicator Subfields
LEADER 00000cam a2200000 4500
001 in00000054013
005 20151008051416.0
008 780718s1958 fr 00000 eng d
035 |a (OCoLC)04063800 
035 |9 AAG7699AM 
040 |a APL  |c APL  |d TXA  |d UtOrBLW 
049 |a TXAM  |c [327036] 
090 |a HD38  |b .M85 1958 
092 |a 338.5  |b M971f 
100 1 |a Munthe, Preben. 
245 1 0 |a Freedom of entry into industry and trade. 
264 1 |a Paris :  |b European Productivity Agency of the Organization for European Economic Co-operation,  |c [1958] 
300 |a 76 pages 
336 |a text  |b txt  |2 rdacontent 
337 |a unmediated  |b n  |2 rdamedia 
338 |a volume  |b nc  |2 rdacarrier 
500 |a Project number 259. 
504 |a Bibliography: pages 71-76. 
650 0 |a Restraint of trade. 
710 2 |a European Productivity Agency. 
999 |a MARS 
999 f f |s cb7de7be-301b-3808-9f54-ad44f925cab4  |i 866924bb-5f20-37ae-83a8-0d831fa517c0  |t 0 
952 f f |p ric  |a Texas A&M University  |b Rellis Campus  |c Joint Library Facility  |d Remote Storage  |t 0  |e HD38 .M85 1958  |h Library of Congress classification  |i unmediated -- volume  |m A14800767544 
998 f f |a HD38 .M85 1958  |t 0  |l Remote Storage